[Event "Mostoles op 12th"]
[Site "Mostoles"]
[Date "2023.07.28"]
[Round "6"]
[White "Gaisse Lopez Pardo, Fernando"]
[Black "Gago Lucas, Joel"]
[Result "1-0"]
[WhiteElo "1359"]
[BlackElo "1573"]
[PlyCount "141"]
[EventDate "2023.07.23"]
[EventType "swiss"]
[EventRounds "8"]
[EventCountry "ESP"]
[SourceTitle "CBM 215 Extra"]
[Source "ChessBase"]
[SourceDate "2023.09.30"]
[SourceVersion "1"]
[SourceVersionDate "2023.09.30"]
[SourceQuality "1"]

1. e4 e5 2. Nf3 Nc6 3. Bb5 a6 4. Ba4 b5 5. Bb3 Nf6 6. d3 h6 7. c3 Bb7 8. Nbd2 Bc5 9. 0-0 0-0 10. h3 d6 11. Re1 Re8 12. Nf1 Ne7 13. Ng3 Ng6 14. a4 c6 15. Nf5 d5 16. exd5 cxd5 17. d4 exd4 18. N5xd4 Qd7 19. Rxe8+ Rxe8 20. axb5 axb5 21. Be3 Bb6 22. Bc2 Qe7 23. Bd3 Bxd4 24. Nxd4 b4 25. Ra7 Ra8 26. Rxa8+ Bxa8 27. Qa4 Bb7 28. Nc2 bxc3 29. bxc3 Ne4 30. Qb4 Qxb4 31. cxb4 Ne5 32. Bb5 Kf8 33. Bd4 f6 34. Ba4 Ke7 35. b5 Kd6 36. Ne3 g6 37. f3 Ng3 38. Kf2 Nh5 39. Ng4 Nxg4+ 40. hxg4 Nf4 41. Bxf6 Ne6 42. Ke3 Kc5 43. Be7+ Kb6 44. Bc2 g5 45. Bf5 Nf4 46. Kf2 d4 47. g3 Nd5 48. Bf8 Kxb5 49. Bxh6 Kc5 50. Bxg5 Kd6 51. Bf4+ Nxf4 52. gxf4 Ba6 53. Bc2 Ke6 54. Kg3 Kf6 55. Bd1 Kg6 56. Kh4 Kh6 57. f5 Bc4 58. g5+ Kg7 59. Kg4 Bd3 60. Kf4 Bb5 61. Ke5 d3 62. f4 d2 63. Kd4 Bd7 64. f6+ Kg6 65. Bc2+ Bf5 66. Bd1 Be6 67. Ke3 Kf5 68. Bc2+ Kg4 69. g6 Bf5 70. Bd1+ Kg3 71. f7 1-0